000
00317nam a2200133Ia 4500
008
231129s1987||||xx |||||||||||||| ||spa||
040
_b
spa
082
_a
Co864 R934s
100
_a
Ruíz Jorge Eliécer
245
0
_a
Sociedad y cultura
260
_c
1987
264
_a
Instituto Caro y Cuervo
942
_2
ddc
_c
BKS
999
_c
24748
_d
24748